[Event "Montevideo Duchamp Cup 4th"]
[Site "Montevideo"]
[Date "2020.02.15"]
[Round "9"]
[White "De la Torre, Andres"]
[Black "Trois, Francisco R Torres"]
[Result "0-1"]
[WhiteElo "1595"]
[BlackElo "2141"]
[PlyCount "46"]
[EventDate "2020.02.08"]
[EventType "swiss"]
[EventRounds "9"]
[EventCountry "URU"]
[SourceTitle "CBM 194 Extra"]
[Source "ChessBase"]
[SourceDate "2020.03.31"]
[SourceVersion "1"]
[SourceVersionDate "2020.03.31"]
[SourceQuality "1"]

1. Nf3 g6 2. g3 Bg7 3. Bg2 e5 4. d3 d5 5. c3 Ne7 6. Nbd2 Nbc6 7. e4 h6 8. Qc2 0-0 9. 0-0 Be6 10. b3 f5 11. Ba3 dxe4 12. dxe4 f4 13. Rad1 Qe8 14. h4 Qf7 15. Kh2 g5 16. hxg5 Qh5+ 17. Kg1 hxg5 18. Rde1 Rf7 19. Qd1 Ng6 20. Bc1 Raf8 21. Nh2 g4 22. f3 fxg3 23. Nxg4 Bxg4 0-1

[Event "Montevideo Duchamp Cup 4th"]
[Site "Montevideo"]
[Date "2020.02.12"]
[Round "6"]
[White "Trois, Francisco R Torres"]
[Black "Mussanti, Diego"]
[Result "1/2-1/2"]
[WhiteElo "2141"]
[BlackElo "2330"]
[PlyCount "235"]
[EventDate "2020.02.08"]
[EventType "swiss"]
[EventRounds "9"]
[EventCountry "URU"]
[SourceTitle "CBM 194 Extra"]
[Source "ChessBase"]
[SourceDate "2020.03.31"]
[SourceVersion "1"]
[SourceVersionDate "2020.03.31"]
[SourceQuality "1"]

1. Nf3 c5 2. c4 Nc6 3. Nc3 Nf6 4. e3 e6 5. d4 cxd4 6. exd4 d5 7. Bg5 Be7 8. Bd3 dxc4 9. Bxc4 0-0 10. 0-0 b6 11. Re1 Bb7 12. a3 Nd5 13. Bxe7 Ncxe7 14. Ne4 Nf5 15. Qd2 Rc8 16. Rac1 Nf6 17. Ng3 Bxf3 18. Nxf5 Rxc4 19. Rxc4 Bd5 20. Ne3 Bxc4 21. Nxc4 Qc7 22. Ne3 Rd8 23. Rd1 h6 24. h3 Qb7 25. Qc2 Qa6 26. Qc4 Qa5 27. Qc7 Rf8 28. Qc6 Qh5 29. Rd2 Rd8 30. Qc7 Rd7 31. Qc8+ Kh7 32. Qc2+ g6 33. Qc6 Kg7 34. Ng4 Qd5 35. Qxd5 Nxd5 36. Ne5 Rc7 37. g3 a5 38. h4 Rc1+ 39. Kg2 f6 40. Ng4 h5 41. Ne3 Kf7 42. Nxd5 exd5 43. Kf3 Ke6 44. Kf4 b5 45. Re2+ Kd6 46. Ke3 g5 47. hxg5 fxg5 48. f4 gxf4+ 49. Kxf4 Rd1 50. Ke3 Rh1 51. Rf2 Ke6 52. Rc2 Re1+ 53. Kf3 Kd6 54. Rh2 Re4 55. Rh4 Re1 56. Rxh5 Rb1 57. Rh6+ Kd7 58. Rh2 Ke6 59. g4 b4 60. axb4 axb4 61. Kf4 Rf1+ 62. Ke3 Rb1 63. Rh6+ Ke7 64. Rh2 Ke6 65. Rh6+ Ke7 66. Kf4 Rxb2 67. Ke5 Rg2 68. Rb6 Rxg4 69. Kxd5 Rg5+ 70. Kc4 Kd7 71. Rb7+ Kd6 72. Rxb4 Rh5 73. Rb6+ Kd7 74. Rg6 Rf5 75. Kd3 Rh5 76. Rf6 Rg5 77. Ke4 Ra5 78. Rh6 Rb5 79. Rh3 Rg5 80. Kf4 Ra5 81. Rh7+ Kd6 82. Rh6+ Kd7 83. Ke4 Rg5 84. Rh4 Ra5 85. Rf4 Rh5 86. Kd3 Rh6 87. Rf5 Rg6 88. Ke4 Rh6 89. Rg5 Rf6 90. Ra5 Rb6 91. Rd5+ Ke7 92. Re5+ Kd7 93. Kf5 Rh6 94. Ke4 Rg6 95. Rh5 Rf6 96. Rh7+ Kd8 97. Ke5 Ra6 98. d5 Rb6 99. Rf7 Ra6 100. Rh7 Rb6 101. Rh8+ Kd7 102. Rf8 Ra6 103. Rf7+ Kd8 104. Rg7 Rb6 105. Ra7 Rh6 106. Rb7 Ra6 107. Kd4 Rh6 108. Rf7 Rg6 109. Kc5 Rh6 110. Rb7 Rg6 111. Rb6 Rxb6 112. Kxb6 Kd7 113. Kc5 Kc7 114. d6+ Kd7 115. Kd5 Kd8 116. Kc6 Kc8 117. d7+ Kd8 118. Kd6 1/2-1/2

[Event "Montevideo Duchamp Cup 4th"]
[Site "Montevideo"]
[Date "2020.02.10"]
[Round "4"]
[White "Trois, Francisco R Torres"]
[Black "Barandiaran, Gabriel"]
[Result "1-0"]
[WhiteElo "2141"]
[BlackElo "1834"]
[PlyCount "67"]
[EventDate "2020.02.08"]
[EventType "swiss"]
[EventRounds "9"]
[EventCountry "URU"]
[SourceTitle "CBM 194 Extra"]
[Source "ChessBase"]
[SourceDate "2020.03.31"]
[SourceVersion "1"]
[SourceVersionDate "2020.03.31"]
[SourceQuality "1"]

1. c4 e5 2. Nc3 Nf6 3. Nf3 d6 4. g3 c5 5. Bg2 Nc6 6. 0-0 Be7 7. a3 Bf5 8. b4 Qd7 9. b5 Nd4 10. d3 Bh3 11. e3 Bxg2 12. Kxg2 Ne6 13. a4 h6 14. e4 Ng5 15. Ng1 Ne6 16. f4 exf4 17. gxf4 Nd4 18. h3 g6 19. Be3 Nh5 20. Nd5 f5 21. Bxd4 cxd4 22. exf5 0-0-0 23. fxg6 Ng7 24. Qg4 Rde8 25. Qxd7+ Kxd7 26. f5 Nh5 27. f6 Bd8 28. f7 Ref8 29. Nf3 Ng7 30. Nxd4 h5 31. Kh1 Rh6 32. Rg1 Bb6 33. Nxb6+ axb6 34. Rad1 1-0

[Event "Montevideo Duchamp Cup 4th"]
[Site "Montevideo"]
[Date "2020.02.09"]
[Round "3"]
[White "Palacio, Enzo"]
[Black "Trois, Francisco R Torres"]
[Result "1/2-1/2"]
[WhiteElo "1869"]
[BlackElo "2141"]
[PlyCount "73"]
[EventDate "2020.02.08"]
[EventType "swiss"]
[EventRounds "9"]
[EventCountry "URU"]
[SourceTitle "CBM 194 Extra"]
[Source "ChessBase"]
[SourceDate "2020.03.31"]
[SourceVersion "1"]
[SourceVersionDate "2020.03.31"]
[SourceQuality "1"]

1. e4 g6 2. d4 Bg7 3. Nc3 d6 4. Be3 c6 5. Qd2 b5 6. Bd3 Nd7 7. Nf3 a6 8. Ne2 e5 9. 0-0 Bb7 10. c3 Ngf6 11. Bh6 0-0 12. Bxg7 Kxg7 13. Ng3 c5 14. Qg5 Ne8 15. Qd2 Qf6 16. Bc2 Nc7 17. d5 Nb6 18. b3 Bc8 19. Qg5 Qxg5 20. Nxg5 a5 21. Nf3 b4 22. c4 a4 23. a3 Na6 24. Nd2 bxa3 25. Rxa3 Nb4 26. Rc1 Nxc2 27. Rxc2 axb3 28. Rxb3 Ra1+ 29. Rb1 Rxb1+ 30. Nxb1 Ba6 31. Nd2 Rb8 32. Ngf1 f5 33. exf5 gxf5 34. Ne3 Kg6 35. g4 Bc8 36. gxf5+ Bxf5 37. Rb2 1/2-1/2

[Event "Montevideo Duchamp Cup 3rd"]
[Site "Montevideo"]
[Date "2019.02.15"]
[Round "8"]
[White "Trois, Francisco R Torres"]
[Black "Barandiaran, Gabriel"]
[Result "1-0"]
[WhiteElo "2152"]
[BlackElo "1836"]
[PlyCount "94"]
[EventDate "2019.02.09"]
[EventType "swiss"]
[EventRounds "9"]
[EventCountry "URU"]
[SourceTitle "CBM 188 Extra"]
[Source "ChessBase"]
[SourceDate "2019.02.26"]
[SourceVersion "1"]
[SourceVersionDate "2019.02.26"]
[SourceQuality "1"]

1. Nf3 Nf6 2. c4 d6 3. d4 g6 4. Nc3 Bg7 5. g3 0-0 6. Bg2 Nbd7 7. 0-0 e5 8. Qc2 exd4 9. Nxd4 Qe7 10. Rd1 Nc5 11. Bg5 c6 12. Qd2 Rd8 13. b3 Ne6 14. Nxe6 Qxe6 15. h3 Bf8 16. e4 Be7 17. f4 Ne8 18. Bxe7 Qxe7 19. Re1 f6 20. Rad1 Be6 21. Kh2 Qc7 22. Ne2 Bf7 23. g4 a6 24. Rc1 Qe7 25. Nd4 Ng7 26. Qf2 Ne6 27. h4 h6 28. Rcd1 Kg7 29. Nf5+ gxf5 30. exf5 Qd7 31. fxe6 Bxe6 32. f5 Bf7 33. Qf4 d5 34. cxd5 cxd5 35. g5 hxg5 36. hxg5 Rh8+ 37. Kg1 Qd8 38. g6 Bg8 39. Qb4 Rh5 40. Qxb7+ Kh8 41. Rxd5 Bxd5 42. g7+ Kh7 43. g8Q+ Kxg8 44. Bxd5+ Kh8 45. Qxa8 Rg5+ 46. Kh2 Qxa8 47. Bxa8 Rxf5 1-0

[Event "Montevideo Duchamp Cup 3rd"]
[Site "Montevideo"]
[Date "2019.02.11"]
[Round "4"]
[White "Trois, Francisco R Torres"]
[Black "Hart, Alexander E"]
[Result "1-0"]
[WhiteElo "2152"]
[BlackElo "1881"]
[PlyCount "53"]
[EventDate "2019.02.09"]
[EventType "swiss"]
[EventRounds "9"]
[EventCountry "URU"]
[SourceTitle "CBM 188 Extra"]
[Source "ChessBase"]
[SourceDate "2019.02.26"]
[SourceVersion "1"]
[SourceVersionDate "2019.02.26"]
[SourceQuality "1"]

1. g3 d5 2. Nf3 Bg4 3. Bg2 Nd7 4. c4 e6 5. cxd5 exd5 6. h3 Bf5 7. Nc3 c6 8. 0-0 Ngf6 9. d3 Be7 10. Qc2 0-0 11. e4 dxe4 12. dxe4 Be6 13. Rd1 Qc8 14. Nd4 Nc5 15. Kh2 Rd8 16. b3 Na6 17. Be3 Nb4 18. Qe2 a5 19. Rac1 Na6 20. Na4 Ba3 21. Nb6 Qb8 22. Rb1 Ra7 23. Nxe6 fxe6 24. Rxd8+ Qxd8 25. e5 Ne8 26. Rd1 Qe7 27. Nc8 1-0

[Event "Florianopolis op 5th"]
[Site "Florianopolis"]
[Date "2019.01.27"]
[Round "10"]
[White "Trois, Francisco R Torres"]
[Black "Stapenhorst, Matheus Frederico"]
[Result "1-0"]
[WhiteElo "2163"]
[BlackElo "1947"]
[PlyCount "111"]
[EventDate "2019.01.21"]
[EventType "swiss"]
[EventRounds "10"]
[EventCountry "BRA"]
[SourceTitle "CBM 188 Extra"]
[Source "ChessBase"]
[SourceDate "2019.02.26"]
[SourceVersion "1"]
[SourceVersionDate "2019.02.26"]
[SourceQuality "1"]

1. Nf3 Nf6 2. c4 e6 3. b3 Be7 4. Bb2 0-0 5. e3 b6 6. Be2 Bb7 7. 0-0 d6 8. d4 c5 9. Nc3 Nbd7 10. d5 exd5 11. cxd5 Qc8 12. a4 Ba6 13. Bc4 Bxc4 14. bxc4 a5 15. Nd2 Ne8 16. Nb5 Nc7 17. Qg4 Nf6 18. Qg3 Nxb5 19. cxb5 Qg4 20. Qxg4 Nxg4 21. Nc4 Rab8 22. f3 Nh6 23. e4 f6 24. f4 Nf7 25. Rae1 Rfd8 26. Re3 Re8 27. Kf2 Bd8 28. Kf3 Bc7 29. g4 Kf8 30. h4 h6 31. Re2 Re7 32. Bc3 Rbe8 33. Rg1 Kg8 34. Bd2 Kf8 35. f5 Ne5+ 36. Nxe5 dxe5 37. g5 hxg5 38. hxg5 fxg5 39. Bxg5 Rd7 40. Rh2 Bd8 41. Rh8+ Kf7 42. Rxe8 Kxe8 43. Bxd8 Kxd8 44. Rg6 Kc7 45. Re6 Rd6 46. Rxe5 Kd7 47. Kf4 Rh6 48. Re6 Rxe6 49. dxe6+ Ke7 50. e5 Ke8 51. Ke4 Kf8 52. Kd5 Ke7 53. f6+ gxf6 54. exf6+ Ke8 55. f7+ Ke7 56. Ke5 1-0

[Event "Florianopolis Region-ch sf"]
[Site "Florianopolis"]
[Date "2018.12.15"]
[Round "4"]
[White "Cezar, Ricardo de Almeida"]
[Black "Trois, Francisco R Torres"]
[Result "0-1"]
[WhiteElo "1633"]
[BlackElo "2171"]
[PlyCount "74"]
[EventDate "2018.12.13"]
[EventType "swiss"]
[EventRounds "7"]
[EventCountry "BRA"]
[SourceTitle "CBM 187 Extra"]
[Source "ChessBase"]
[SourceDate "2018.11.04"]
[SourceVersion "1"]
[SourceVersionDate "2018.11.04"]
[SourceQuality "1"]

1. d4 g6 2. Bf4 Bg7 3. e3 Nf6 4. Nf3 c5 5. c3 b6 6. Nbd2 0-0 7. Bd3 Ba6 8. Bxa6 Nxa6 9. e4 d6 10. 0-0 Qd7 11. Qb3 Nc7 12. h3 Ne6 13. Be3 d5 14. e5 Ne4 15. Nxe4 dxe4 16. Nd2 cxd4 17. cxd4 Nxd4 18. Bxd4 Qxd4 19. Rad1 Qxe5 20. Rfe1 Qxb2 21. Rxe4 Rfd8 22. Nc4 Qxb3 23. Rxd8+ Rxd8 24. axb3 e6 25. Ne5 Rd1+ 26. Kh2 Rd4 27. Re3 Bxe5+ 28. Rxe5 Rb4 29. Re3 e5 30. g4 h6 31. Kg2 a5 32. Kf3 Kg7 33. Rc3 Kf6 34. h4 Ke6 35. Kg3 Kd5 36. Kf3 Kd4 37. Re3 f5 0-1

[Event "Florianopolis Region-ch sf"]
[Site "Florianopolis"]
[Date "2018.12.14"]
[Round "2"]
[White "De Arruda Filho, Nivaldo Jesus"]
[Black "Trois, Francisco R Torres"]
[Result "1-0"]
[WhiteElo "2034"]
[BlackElo "2171"]
[PlyCount "73"]
[EventDate "2018.12.13"]
[EventType "swiss"]
[EventRounds "7"]
[EventCountry "BRA"]
[SourceTitle "CBM 187 Extra"]
[Source "ChessBase"]
[SourceDate "2018.11.04"]
[SourceVersion "1"]
[SourceVersionDate "2018.11.04"]
[SourceQuality "1"]

1. c4 g6 2. Nc3 Bg7 3. g3 e5 4. Bg2 d6 5. Rb1 a5 6. a3 c6 7. d3 f5 8. e3 Nf6 9. Nge2 Be6 10. 0-0 0-0 11. Qc2 Nbd7 12. b4 axb4 13. axb4 Qc7 14. Bb2 h6 15. Rfe1 Bf7 16. Ra1 g5 17. Rxa8 Rxa8 18. f4 Qb6 19. c5 Qxb4 20. cxd6 Bb3 21. Qb1 Qxd6 22. fxe5 Nxe5 23. Nd4 Be6 24. Nxe6 Qxe6 25. Ne2 Nd5 26. Nf4 gxf4 27. exf4 Qd6 28. Bxe5 Bxe5 29. fxe5 Qc5+ 30. Kh1 Qf2 31. Rf1 Qe2 32. Qxb7 Ra2 33. Bxd5+ cxd5 34. Qxd5+ Kg7 35. Qd7+ Kg8 36. Qe6+ Kh7 37. Qxf5+ 1-0

[Event "Florianopolis Regional STD op"]
[Site "Florianopolis"]
[Date "2018.10.13"]
[Round "3"]
[White "Tomiello, Lucas Costamilan"]
[Black "Trois, Francisco R Torres"]
[Result "1-0"]
[WhiteElo "1830"]
[BlackElo "2180"]
[PlyCount "53"]
[EventDate "2018.10.12"]
[EventType "swiss"]
[EventRounds "6"]
[EventCountry "BRA"]
[SourceTitle "CBM 186 Extra"]
[Source "ChessBase"]
[SourceDate "2018.08.24"]
[SourceVersion "1"]
[SourceVersionDate "2018.08.24"]
[SourceQuality "1"]

1. e4 g6 2. d4 Bg7 3. Nc3 d6 4. Be3 Nf6 5. Qd2 Ng4 6. Bg5 h6 7. Bh4 g5 8. Bg3 e5 9. dxe5 Nxe5 10. 0-0-0 Nbc6 11. h4 Be6 12. hxg5 Qxg5 13. Bf4 Qg6 14. Nd5 0-0-0 15. f3 f5 16. exf5 Bxf5 17. Nh3 Qf7 18. Be3 Rde8 19. Be2 h5 20. Kb1 a6 21. a3 Ne7 22. Nxc7 Qb3 23. Nxe8 Rxe8 24. Bd4 N7c6 25. Qc3 Qxc3 26. Bxc3 Bf8 27. Nf4 1-0

[Event "Florianopolis Regional STD op"]
[Site "Florianopolis"]
[Date "2018.10.13"]
[Round "4"]
[White "Trois, Francisco R Torres"]
[Black "Deus Filho, Joaquim"]
[Result "1-0"]
[WhiteElo "2180"]
[BlackElo "1908"]
[PlyCount "50"]
[EventDate "2018.10.12"]
[EventType "swiss"]
[EventRounds "6"]
[EventCountry "BRA"]
[SourceTitle "CBM 186 Extra"]
[Source "ChessBase"]
[SourceDate "2018.08.24"]
[SourceVersion "1"]
[SourceVersionDate "2018.08.24"]
[SourceQuality "1"]

1. e4 e5 2. Bc4 Nf6 3. d3 Bc5 4. Nc3 h6 5. Be3 Bb4 6. Nf3 Bxc3+ 7. bxc3 Nc6 8. 0-0 0-0 9. h3 d5 10. exd5 Nxd5 11. Bd2 a6 12. Re1 Re8 13. Nh2 b5 14. Bb3 Na5 15. Qf3 Nxb3 16. axb3 Rb8 17. Ng4 f6 18. Qg3 Kf8 19. Qh4 Rb6 20. Qh5 Be6 21. Nxh6 gxh6 22. Qxh6+ Ke7 23. c4 Kd7 24. cxd5 Bxd5 25. c4 Bb7 1-0

[Event "Florianopolis Regional STD op"]
[Site "Florianopolis"]
[Date "2018.10.12"]
[Round "1"]
[White "Dias, Juliane de Oliveira"]
[Black "Trois, Francisco R Torres"]
[Result "0-1"]
[WhiteElo "1726"]
[BlackElo "2180"]
[PlyCount "66"]
[EventDate "2018.10.12"]
[EventType "swiss"]
[EventRounds "6"]
[EventCountry "BRA"]
[SourceTitle "CBM 186 Extra"]
[Source "ChessBase"]
[SourceDate "2018.08.24"]
[SourceVersion "1"]
[SourceVersionDate "2018.08.24"]
[SourceQuality "1"]

1. e4 c5 2. Nf3 e6 3. d4 cxd4 4. Nxd4 Nc6 5. Nc3 Qc7 6. a3 a6 7. Be3 b5 8. Be2 Bb7 9. 0-0 Nf6 10. Nxc6 Bxc6 11. Bd3 b4 12. axb4 Bxb4 13. Ne2 Ng4 14. Bf4 e5 15. Bd2 Bc5 16. Be1 a5 17. Ng3 Nf6 18. Qd2 a4 19. Qg5 0-0 20. Nf5 Ne8 21. b4 axb3 22. Rxa8 Bxa8 23. cxb3 d5 24. exd5 Bxd5 25. b4 Bd6 26. Nh6+ Kh8 27. Qf5 Nf6 28. h3 e4 29. Bb1 Be6 30. Qg5 Bf4 31. Nxf7+ Rxf7 32. Qa5 Qxa5 33. bxa5 Bc4 0-1

[Event "Caioba Telecom op"]
[Site "Caioba"]
[Date "2018.08.02"]
[Round "4"]
[White "Dias, Anderson Tatsch"]
[Black "Trois, Francisco R Torres"]
[Result "1/2-1/2"]
[WhiteElo "2200"]
[BlackElo "2175"]
[PlyCount "27"]
[EventDate "2018.08.01"]
[EventType "swiss"]
[EventRounds "9"]
[EventCountry "BRA"]
[SourceTitle "CBM 186 Extra"]
[Source "ChessBase"]
[SourceDate "2018.08.24"]
[SourceVersion "1"]
[SourceVersionDate "2018.08.24"]
[SourceQuality "1"]

1. d4 Nf6 2. c4 c6 3. Nc3 d5 4. Nf3 a6 5. e3 b5 6. b3 Bg4 7. Be2 e6 8. 0-0 Nbd7 9. h3 Bh5 10. Bb2 Bd6 11. Ne5 Bxe2 12. Nxe2 Qc7 13. cxd5 cxd5 14. Rc1 1/2-1/2

[Event "Caioba Telecom op"]
[Site "Caioba"]
[Date "2018.08.01"]
[Round "1"]
[White "Trois, Francisco R Torres"]
[Black "Monteiro, Daniel Zotelli"]
[Result "1-0"]
[WhiteElo "2175"]
[BlackElo "1467"]
[PlyCount "70"]
[EventDate "2018.08.01"]
[EventType "swiss"]
[EventRounds "9"]
[EventCountry "BRA"]
[SourceTitle "CBM 186 Extra"]
[Source "ChessBase"]
[SourceDate "2018.08.24"]
[SourceVersion "1"]
[SourceVersionDate "2018.08.24"]
[SourceQuality "1"]

1. c4 e5 2. g3 Nf6 3. Bg2 c6 4. d4 Bb4+ 5. Bd2 Qa5 6. dxe5 Bxd2+ 7. Qxd2 Qxe5 8. Nc3 0-0 9. Nf3 Qe7 10. 0-0 d6 11. Nd4 Be6 12. b3 Rd8 13. e4 g6 14. f4 Bc8 15. h3 Nbd7 16. Rad1 a6 17. Qf2 Nf8 18. g4 Bd7 19. Nc2 Ne8 20. Rfe1 Qf6 21. Qg3 Nc7 22. g5 Qe7 23. Ne3 Re8 24. h4 f6 25. Na4 Be6 26. gxf6 Qxf6 27. Rxd6 Rad8 28. e5 Qe7 29. f5 Bf7 30. f6 Qxe5 31. Qxe5 Rxe5 32. Rxd8 Nce6 33. Rb8 b5 34. cxb5 cxb5 35. Nb6 Nf4 1-0

[Event "Florianopolis op 4th"]
[Site "Florianopolis"]
[Date "2018.01.23"]
[Round "7"]
[White "Trois, Francisco R Torres"]
[Black "Rodrigues, Julliano de Araujo"]
[Result "1/2-1/2"]
[WhiteElo "2190"]
[BlackElo "1879"]
[PlyCount "63"]
[EventDate "2018.01.19"]
[EventType "swiss"]
[EventRounds "10"]
[EventCountry "BRA"]
[SourceTitle "EXT 2019"]
[Source "ChessBase"]
[SourceDate "2018.10.10"]
[SourceVersion "1"]
[SourceVersionDate "2018.10.10"]
[SourceQuality "1"]

1. c4 g6 2. Nc3 c5 3. Nf3 Bg7 4. e3 Nf6 5. d4 cxd4 6. exd4 d5 7. cxd5 Nxd5 8. Bb5+ Nc6 9. 0-0 0-0 10. Bxc6 bxc6 11. h3 Nxc3 12. bxc3 c5 13. Ba3 cxd4 14. Nxd4 Re8 15. Qf3 Ba6 16. Rfd1 Qc7 17. Qc6 Qxc6 18. Nxc6 Bxc3 19. Nxe7+ Rxe7 20. Bxe7 Bxa1 21. Rxa1 Bc4 22. a3 a6 23. Rd1 Rb8 24. g4 h6 25. h4 Kg7 26. g5 h5 27. Bf6+ Kf8 28. Kh2 Re8 29. Rd4 Bb5 30. Kg3 Re2 31. Rf4 Bc6 32. a4 1/2-1/2

[Event "Florianopolis op 4th"]
[Site "Florianopolis"]
[Date "2018.01.22"]
[Round "6"]
[White "Gomes, Carlos Henrique Cal"]
[Black "Trois, Francisco R Torres"]
[Result "0-1"]
[WhiteElo "1785"]
[BlackElo "2190"]
[PlyCount "40"]
[EventDate "2018.01.19"]
[EventType "swiss"]
[EventRounds "10"]
[EventCountry "BRA"]
[SourceTitle "EXT 2019"]
[Source "ChessBase"]
[SourceDate "2018.10.10"]
[SourceVersion "1"]
[SourceVersionDate "2018.10.10"]
[SourceQuality "1"]

1. d4 Nf6 2. c4 c5 3. d5 g6 4. Nc3 d6 5. e4 Bg7 6. h3 0-0 7. Nf3 e6 8. Bg5 h6 9. Be3 exd5 10. cxd5 Re8 11. Bd3 c4 12. Bc2 b5 13. a3 a6 14. Nd2 Nbd7 15. 0-0 Bb7 16. Rc1 Rc8 17. f4 Nxd5 18. exd5 Rxe3 19. Nde4 Qb6 20. Kh1 f5 0-1

[Event "Wch Seniors 65 27th"]
[Site "Acqui Terme"]
[Date "2017.11.12"]
[Round "6"]
[White "Stebbings, Anthony"]
[Black "Trois, Francisco R Torres"]
[Result "0-1"]
[WhiteElo "2301"]
[BlackElo "2184"]
[PlyCount "52"]
[EventDate "2017.11.07"]
[EventType "swiss"]
[EventRounds "11"]
[EventCountry "ITA"]
[SourceTitle "CBM 181 Extra"]
[Source "ChessBase"]
[SourceDate "2017.12.12"]
[SourceVersion "1"]
[SourceVersionDate "2017.12.12"]
[SourceQuality "1"]

1. e4 c6 2. d4 d5 3. exd5 cxd5 4. c4 Nf6 5. Nc3 Nc6 6. Bg5 Be6 7. a3 g6 8. Bxf6 exf6 9. Be2 Qd7 10. c5 Bg7 11. Bf3 0-0 12. Nge2 Rfd8 13. 0-0 g5 14. g3 f5 15. Qd2 Bf6 16. b4 Kg7 17. Bg2 h5 18. f4 g4 19. Nd1 b6 20. Ne3 bxc5 21. bxc5 Rab8 22. Rab1 Ne7 23. Qa5 Nc6 24. Qc3 Ne7 25. Qa5 Nc6 26. Qc3 Ne7 0-1

[Event "Buenos Aires Vicente Lopez Cup 19th"]
[Site "Buenos Aires"]
[Date "2017.08.22"]
[Round "8"]
[White "Trois, Francisco R Torres"]
[Black "Saldano Dayer, Horacio"]
[Result "0-1"]
[WhiteElo "2200"]
[BlackElo "2422"]
[PlyCount "88"]
[EventDate "2017.08.14"]
[EventType "tourn"]
[EventRounds "9"]
[EventCountry "ARG"]
[EventCategory "2"]
[SourceTitle "CBM 180 Extra"]
[Source "ChessBase"]
[SourceDate "2017.10.06"]
[SourceVersion "1"]
[SourceVersionDate "2017.10.06"]
[SourceQuality "1"]

1. d4 e6 2. Nf3 d5 3. c4 c6 4. Qc2 dxc4 5. Qxc4 b5 6. Qc2 Bb7 7. e4 Nd7 8. a4 a6 9. Bd3 Ngf6 10. 0-0 h6 11. Rd1 Be7 12. Qe2 b4 13. Nbd2 c5 14. e5 Nd5 15. Nb3 Qb6 16. a5 Qa7 17. Bd2 cxd4 18. Nfxd4 Nc5 19. Nxc5 Bxc5 20. Nb3 Be7 21. Rac1 Rd8 22. Rc4 g6 23. Nd4 Bc5 24. Nb3 Be7 25. Nd4 Qa8 26. Nf3 Kf8 27. h4 Kg7 28. Nh2 Rc8 29. Rdc1 Rxc4 30. Rxc4 Qd8 31. h5 g5 32. g3 Qxa5 33. Ng4 Qa1+ 34. Be1 a5 35. Qd2 Rd8 36. Rc1 Qa2 37. Qe2 Nc3 38. bxc3 Qd5 39. Be4 Qxe4 40. Qxe4 Bxe4 41. Nf6 Bf3 42. cxb4 Bxb4 43. Bxb4 axb4 44. Kh2 Rd1 0-1

[Event "Buenos Aires Vicente Lopez Cup 19th"]
[Site "Buenos Aires"]
[Date "2017.08.18"]
[Round "5"]
[White "Born, Carlos Rodrigo"]
[Black "Trois, Francisco R Torres"]
[Result "1-0"]
[WhiteElo "2237"]
[BlackElo "2200"]
[PlyCount "65"]
[EventDate "2017.08.14"]
[EventType "tourn"]
[EventRounds "9"]
[EventCountry "ARG"]
[EventCategory "2"]
[SourceTitle "CBM 180 Extra"]
[Source "ChessBase"]
[SourceDate "2017.10.06"]
[SourceVersion "1"]
[SourceVersionDate "2017.10.06"]
[SourceQuality "1"]

1. e4 c6 2. d4 d5 3. Nd2 dxe4 4. Nxe4 Nd7 5. Bc4 Ngf6 6. Nxf6+ Nxf6 7. Nf3 e6 8. 0-0 Be7 9. Qe2 0-0 10. Rd1 Qc7 11. Bg5 Rd8 12. Bd3 b6 13. c4 Bb7 14. c5 bxc5 15. dxc5 Rd5 16. b4 Rad8 17. Bh4 Nh5 18. Bxe7 Qxe7 19. Bc4 Nf4 20. Qc2 R5d7 21. Rxd7 Rxd7 22. Rd1 Qd8 23. Rxd7 Qxd7 24. Qd2 Nd5 25. Bxd5 exd5 26. Qf4 Qd8 27. Nd4 g6 28. Qe5 a5 29. a3 axb4 30. axb4 Qa8 31. h3 Qa1+ 32. Kh2 Qc3 33. Nxc6 1-0

[Event "Buenos Aires Vicente Lopez Cup 19th"]
[Site "Buenos Aires"]
[Date "2017.08.14"]
[Round "1"]
[White "Trois, Francisco R Torres"]
[Black "Mayorga, Nicolas"]
[Result "1/2-1/2"]
[WhiteElo "2200"]
[BlackElo "2300"]
[PlyCount "63"]
[EventDate "2017.08.14"]
[EventType "tourn"]
[EventRounds "9"]
[EventCountry "ARG"]
[EventCategory "2"]
[SourceTitle "CBM 180 Extra"]
[Source "ChessBase"]
[SourceDate "2017.10.06"]
[SourceVersion "1"]
[SourceVersionDate "2017.10.06"]
[SourceQuality "1"]

1. d4 Nf6 2. Nf3 e6 3. g3 b6 4. Bg2 Bb7 5. c4 c5 6. d5 exd5 7. Nh4 g6 8. Nc3 Bg7 9. cxd5 0-0 10. 0-0 d6 11. h3 Re8 12. Re1 Nbd7 13. a4 Nh5 14. e3 Ne5 15. Nf3 f5 16. Nxe5 Bxe5 17. Bd2 Ba6 18. Qc2 Qd7 19. Ne2 Re7 20. Nf4 Ng7 21. Ne6 Rae8 22. Nxg7 Bxg7 23. Bc3 g5 24. Bxg7 Rxg7 25. Kh2 h5 26. Qc3 h4 27. gxh4 g4 28. Qf6 Bc8 29. Rg1 Rf8 30. Qh6 Qe7 31. Bf1 Qe5+ 32. Qf4 1/2-1/2

[Event "Buenos Aires Yael Torre Blanca"]
[Site "Buenos Aires"]
[Date "2017.08.03"]
[Round "8"]
[White "Saldano Dayer, Horacio"]
[Black "Trois, Francisco R Torres"]
[Result "1-0"]
[WhiteElo "2422"]
[BlackElo "2200"]
[PlyCount "61"]
[EventDate "2017.07.28"]
[EventType "tourn"]
[EventRounds "9"]
[EventCountry "ARG"]
[SourceTitle "EXT 2024"]
[Source "ChessBase"]
[SourceDate "2023.10.10"]
[SourceVersion "1"]
[SourceVersionDate "2023.10.10"]
[SourceQuality "1"]

1. d4 d5 2. Bf4 Nf6 3. e3 a6 4. Bd3 c5 5. c3 Nc6 6. Nd2 e6 7. Ngf3 Bd6 8. Bg3 b6 9. Ne5 Qc7 10. f4 Bb7 11. 0-0 Ne7 12. Qb1 Ng6 13. h3 0-0-0 14. b4 c4 15. Bc2 Rdf8 16. e4 Nxe4 17. Nxe4 dxe4 18. Bxe4 f5 19. Bxb7+ Kxb7 20. b5 Ra8 21. a4 axb5 22. Nxg6 hxg6 23. axb5 g5 24. Qd1 Rxa1 25. Qf3+ Kc8 26. Rxa1 Kd7 27. Ra4 gxf4 28. Bf2 Ke7 29. Qe2 Kf6 30. Rxc4 Qd7 31. Rc6 1-0